| 000 | 00490nam a2200181Ia 4500 | ||
|---|---|---|---|
| 999 |
_c17135 _d17135 |
||
| 082 | _a378.1 RIC-; | ||
| 100 | _aRice, A.K. | ||
| 245 | 0 | _aModern university: a model organization | |
| 260 |
_aLondon _bTavistock Publications _c1970 |
||
| 300 | _a118p. | ||
| 504 | _aIncludes index | ||
| 650 | _aTask analysis in education | ||
| 650 | _aEducation - Evaluation | ||
| 650 | _aUniversities and colleges | ||
| 650 | _aEducation, Higher | ||
| 650 | _aOrganization - Research | ||
| 942 | _cBK | ||